Champions League/European Cup Finalists - Statistics

General Stats
  • This quiz has been taken 28 times
  • The average score is 13 of 14
Answer Stats
Winners Runners-Up Total Answer % Correct
12 8 20 England
100%
1 5 6 France
100%
3 5 8 Germany
100%
12 16 28 Italy
100%
4 5 9 Portugal
100%
18 11 29 Spain
100%
6 2 8 Netherlands
96%
0 1 1 Belgium
92%
0 1 1 Greece
92%
1 1 2 Romania
92%
1 1 2 Scotland
88%
0 1 1 Sweden
88%
1 1 2 Yugoslavia
85%
4 5 9 West Germany
46%
No matching quizzes found
Score Distribution
Percent of People with Each Score
Percentile by Number Answered
Your Score History
You have not taken this quiz